Ethics / (Record no. 19671)
[ view plain ]
| 000 -LEADER | |
|---|---|
| fixed length control field | 00408nam a22001697a 4500 |
| 003 - CONTROL NUMBER IDENTIFIER | |
| control field | OSt |
| 008 - FIXED-LENGTH DATA ELEMENTS--GENERAL INFORMATION | |
| fixed length control field | 230524b2015 |||||||| |||| 00| 0 eng d |
| 020 ## - INTERNATIONAL STANDARD BOOK NUMBER | |
| International Standard Book Number | 9789332549920 |
| 082 ## - DEWEY DECIMAL CLASSIFICATION NUMBER | |
| Classification number | 170 |
| Item number | FRA-E |
| 100 ## - MAIN ENTRY--PERSONAL NAME | |
| Personal name | Frankena, William K. |
| 245 ## - TITLE STATEMENT | |
| Title | Ethics / |
| Statement of responsibility, etc | William K. Frankena |
| 250 ## - EDITION STATEMENT | |
| Edition statement | 2nd ed. |
| 260 ## - PUBLICATION, DISTRIBUTION, ETC. (IMPRINT) | |
| Place of publication, distribution, etc | Noida : |
| Name of publisher, distributor, etc | Pearson, |
| Date of publication, distribution, etc | 2015 |
| 300 ## - PHYSICAL DESCRIPTION | |
| Extent / Pages | xvi, 125 p. ; |
| 650 ## - SUBJECT ADDED ENTRY--TOPICAL TERM | |
| Topical term or geographic name as entry element | Ethics |
| 942 ## - ADDED ENTRY ELEMENTS (KOHA) | |
| Source of classification or shelving scheme | |
| Koha item type | Books |
| 942 ## - ADDED ENTRY ELEMENTS (KOHA) | |
| -- | 3 |
| Withdrawn status | Lost status | Source of classification or shelving scheme | Damaged status | Not for loan | Home library | Current library | Date acquired | Source of acquisition | Currency | Cost, normal purchase price | Full call number | Barcode | Date last seen | Copy number | Bill Date | Koha item type | Bill Number | Total Checkouts | Date last borrowed |
|---|---|---|---|---|---|---|---|---|---|---|---|---|---|---|---|---|---|---|---|
| SOBD Library | SOBD Library | 24/05/2023 | Vedi Books | INR | 400.00 | 170 FRA-E1 | 004457 | 24/05/2023 | 1 | 18/04/2023 | Reference Books | VEDI/23-24/04/12 | |||||||
| SOBD Library | SOBD Library | 24/05/2023 | Vedi Books | INR | 400.00 | 170 FRA-E2 | 004458 | 24/05/2023 | 2 | 18/04/2023 | Books | VEDI/23-24/04/12 | |||||||
| SOBD Library | SOBD Library | 24/05/2023 | Vedi Books | INR | 400.00 | 170 FRA-E3 | 004459 | 05/08/2025 | 3 | 18/04/2023 | Books | VEDI/23-24/04/12 | 3 | 05/08/2025 | |||||
| SOBD Library | SOBD Library | 24/05/2023 | Vedi Books | INR | 400.00 | 170 FRA-E4 | 004460 | 24/05/2023 | 4 | 18/04/2023 | Books | VEDI/23-24/04/12 | |||||||
| SOBD Library | SOBD Library | 24/05/2023 | Vedi Books | INR | 400.00 | 170 FRA-E5 | 004461 | 24/05/2023 | 5 | 18/04/2023 | Books | VEDI/23-24/04/12 | |||||||
| SOBD Library | SOBD Library | 24/05/2023 | Vedi Books | INR | 400.00 | 170 FRA-E6 | 004462 | 25/07/2024 | 6 | 18/04/2023 | Books | VEDI/23-24/04/12 |